| 000 | 00898nam a2200229Ia 4500 | ||
|---|---|---|---|
| 003 | GCL | ||
| 005 | 20240530104059.0 | ||
| 008 | 140319s9999 xx 000 0 ara d | ||
| 040 |
_aGCL / _cGCL |
||
| 082 | 0 | 4 |
_a937.06 _bد ح |
| 100 | 1 | _a دولى، دوفالد . ر . | |
| 245 | 1 | 0 |
_aحضارة روما / _cتاليف دولى، دوفالد . ر . ؛ ترجمة جميل يواقيم الذهبى ، فاروق فريد ؛ راجعه صقر خفاجة |
| 260 |
_aالقاهرة : _bدار نهضة مصر للطباعة والنشر ، _c1964 |
||
| 300 |
_a396 ص؛ _c24 سم |
||
| 650 | 0 | 4 | _aالامبراطورية الرومانية |
| 650 | 0 | 4 | _aايطاليا - تاريخ |
| 650 | 0 | 4 | _aعصر الاباطرة |
| 700 | 1 |
_aجميل بواقيم الذهبى _eمترجم |
|
| 700 | 1 |
_aفاروق فريد _eمترجم |
|
| 700 | 1 |
_aصقر خفاجة _eمراجع |
|
| 942 |
_2ddc _cBK |
||
| 999 |
_c44481 _d44481 |
||